Quizz football niveau facile - Statistiques

Statistiques générales
  • Ce quiz a été pris 5 285 fois
  • Le résultat moyen est 10 sur 15
Statistiques - réponses
Question Réponse % Correct
Quelle équipe a gagné le plus de cdm Brésil
93%
Quelle club n'a jamais gagné de ldc Psg
93%
Quelle joueur a déjà gagné le ballon d'or Kaka
92%
Quelle club a remporté le plus de ldc Real Madrid
91%
Dans quelle pays s'est déroulé la cdm de 2010 Afrique du Sud
84%
Qui a gagné le ballon d'or 2018 Modric
83%
Quelle est le meilleur buteur de la LDC Cristiano Ronaldo
82%
Comment s'appelle le stade de Lens Boallert
72%
L'icône la mieux note sur FIFA 22 Pele
71%
Quelle équipe a remporté la pl en 2021-2022 Manchester city
59%
Quelle club a gagné le plus de ligue 1 Saint Etienne
56%
Quelle joueur est le plus titré Alves
43%
Equipe avec le plus de coupe d'Afrique des nations Egypte
41%
Equipe avec le plus d'euro de football Espagne
39%
Equipe avec le plus de Copa America Uruguay
8%
Aucun quiz correspondant
Distribution des résultats
% des personnes avec chaque résultat
Percentile par nombre de réponses
Votre historique - résultats
Vous n’avez pas pris ce quiz